LIBRARY & INFORMATION CENTRE, KCAET, TAVANUR

ONLINE PUBLIC ACCESS CATALOGUE (OPAC)

Jeevithasmaranakal (Record no. 437)

MARC details
000 -LEADER
fixed length control field 00386cam a2200169ua 4500
041 ## - LANGUAGE CODE
Language code of text/sound track or separate title mal
082 ## - DEWEY DECIMAL CLASSIFICATION NUMBER
Classification number 894.812803
Item number CHA/JE
100 ## - MAIN ENTRY--AUTHOR NAME
Personal name Chacko, I C .
245 ## - TITLE STATEMENT
Title Jeevithasmaranakal
260 ## - PUBLICATION, DISTRIBUTION, ETC. (IMPRINT)
Place of publication Pulikunnu :
Name of publisher Deshaseviny granthasala ,
Year of publication 1957.
300 ## - PHYSICAL DESCRIPTION
Number of Pages 124 ; .
942 ## - ADDED ENTRY ELEMENTS (KOHA)
Koha item type Books
Holdings
Withdrawn status Lost status Damaged status Home library Current library Date acquired Full call number Accession Number Koha item type
      KAUAET KAUAET 07/04/2012 894.812803 1429 Books
free website counter